| 000 | 00630nam a22002292i 4500 | ||
|---|---|---|---|
| 999 |
_c7378 _d7378 |
||
| 001 | 7378 | ||
| 003 | BD - JhCC | ||
| 005 | 20180208185414.0 | ||
| 008 | 500101s1956 enkf j 000 1 eng d | ||
| 035 | _a(BD - JhCC)7378 | ||
| 040 |
_aCOO _cCOO _dEQO _dBD - JhCC |
||
| 041 | _aeng | ||
| 082 |
_bPLA 1956 _a823.914 |
||
| 090 |
_aPZ7.P71 _bM8 |
||
| 100 | 1 | _aPlant, Jack. | |
| 245 | 1 | 0 |
_aMoppy's great adventure / _cJack Plant ; illustrated by Geoffrey Whittam |
| 260 |
_aLondon : _bBlackie, _c1956 |
||
| 300 |
_a206 p., [3] leaves of plates : _bill. ; _c19 cm |
||
| 650 | _aAdventure Stories | ||
| 942 |
_2ddc _cBK |
||